[Event "NED-ch51"]
[Site "Amsterdam"]
[Date "1996.06.19"]
[Round "11"]
[White "Piket, Jeroen"]
[Black "Timman, Jan H"]
[Result "1-0"]
[WhiteElo "2570"]
[BlackElo "2620"]
[Annotator "Horn,Pe"]
[PlyCount "87"]
[EventDate "1996.06.07"]
[EventType "tourn"]
[EventRounds "11"]
[EventCountry "NED"]
[EventCategory "11"]
[SourceTitle "CBM 054"]
[Source "ChessBase"]
[SourceDate "1996.10.01"]
[SourceVersion "1"]
[SourceVersionDate "1996.10.01"]
[SourceQuality "1"]

1. Nf3 c5 2. g3 Nc6 3. Bg2 Nf6 4. O-O e5 5. d3 d5 6. Na3 {Da diese Entwicklung
in manchen Varianten des Königsinders die große Mode ist, macht es Sinn, die
Sache auch mit einem Tempo mehr zu probieren.} Be7 7. e4 d4 (7... O-O {eine
gute Alternative.}) (7... dxe4) 8. Nc4 {Jetzt sieht man dem Nc4 seine Herkunft
nicht mehr an: In den meisten folgenden Beispielen kam er von d2.} (8. c3 O-O
9. cxd4 cxd4 10. Nc4 Qc7 11. a4 Be6 12. b3 Nd7 13. Ne1 a6 14. f4 f6 15. a5 b5
16. axb6 Nxb6 17. fxe5 fxe5 18. Rxf8+ Bxf8 $13 {Sepp-Kulaots/Riga zt/1995})
8... Qc7 (8... Nd7 9. a4 O-O 10. Bh3 (10. Ne1 Nb6 11. b3 Be6 12. f4 $10 {
R.Fischer-Harrow/Milwaukee op/1957}) 10... Qc7 11. Nfd2 $1 {Dworezki} (11. Ne1
$2 Nb6 12. Bxc8 Qxc8 $1 13. Nxb6 axb6 {/\ b5} 14. Bd2 f5 15. exf5 Qxf5 16. f3
c4 $2 (16... Qh3 $1 {Dworezki}) 17. Qe2 Bc5 18. Ng2 c3 19. bxc3 b5 20. a5 {
= Dworezki-Alburt/Odessa 1974}) (11. b3 $10) (11. Kh1 $10) 11... Bg5 12. f4
exf4 13. Nf3 Bh6 14. Nh4 $1 $16) 9. a4 Be6 {Mit diesem Zug (statt Nd7) wird
der Aufbau mit Bh3 verhindert.} (9... O-O 10. Ne1 (10. b3 Be6 11. Ng5 Bg4 12.
f3 Bh5 13. Nh3 Nd7 14. g4 Bg6 15. f4 exf4 (15... f6) 16. Bxf4 Qd8 (16... Nde5)
17. Bg3 Nb6 18. Nxb6 axb6 19. Nf4 $36 {Borik-Schön/BL/1989}) 10... Ne8 11. f4
exf4 12. gxf4 f5 13. Nf3 Nd6 14. Nxd6 Bxd6 15. e5 Be7 16. c4 dxc3 $6 17. Qb3+
Kh8 18. bxc3 Na5 19. Qa2 Rd8 20. Rd1 c4 21. d4 $16 {Kirillov-Kazachenkov/
Lettland/1991}) (9... Bg4 $5) 10. Ne1 $146 {[%cal Yf2f4] Indem Weiß das Tempo
mit b3 einspart (gegenüber Todorcevic-Ivanovic), verhindert er das Gegenspiel
mit g7-g5.} (10. b3 Nd7 11. Ne1 g5 $5 12. f4 gxf4 13. gxf4 O-O-O 14. f5 Bxc4
15. bxc4 Rdg8 16. Kh1 h5 $132 {Todorcevic-Ivanovic/YU/1990}) 10... Nd7 (10...
Bxc4 {Das ist offenbar nicht zu fürchten, da Weiß ein wunderbares Springerfeld
auf d3 und das Läuferpaar erhält.} 11. dxc4 {[%cal Ye1d3,Yf2f4]}) 11. f4 f6 12.
Bh3 $1 {Strategisch ein wünschenswerter Abtausch: Der gute (Be6) wird gegen
den schlechten (Bg2) Läufer getauscht.} (12. Qh5+ Bf7 (12... g6 13. Qh6 Bf8 14.
Qh4 Bg7) 13. Qf5) 12... Bxh3 13. Qh5+ g6 14. Qxh3 Nb6 15. fxe5 fxe5 16. Qe6 $16
Nxc4 17. Qxc4 (17. Qf7+ {Das naheliegende Schach gestattet Schwarz ein Tempo
bei der Aktivierung der Türme.} Kd7 18. Qxc4 Raf8) (17. dxc4 $5) 17... O-O-O (
17... Rf8 18. Nf3 O-O-O 19. Bh6 $16 {erobert die f-Linie}) 18. Bh6 {[%cal
Yf1f7]} Rdg8 {/\ Nc6-d8,g6-g5} 19. Rf7 Nd8 20. Rg7 Rxg7 21. Bxg7 Re8 22. Nf3 (
22. b4 $6 {verschärft das Spiel zu früh (Ra1 und Ne1 können noch aktiviert
werden, wogegen dem Schwarzen die aktiven Möglichkeiten fehlen).} Bg5 23. Qxc5
Qxc5 24. bxc5) 22... Bd6 23. Bh6 {[%csl Gh6,Rd6]} Qf7 (23... Bf8) (23... Nf7 $5
24. Bd2 Rf8 25. Rf1 {Die Kontrolle der f-Linie wird bei dieser Fortsetzung
abgeschwächt, aber sämtliche schwarze Figuren erfüllen nur passive Funktionen.}
) 24. Nd2 {[%cal Ya1f1]} Qxc4 25. Nxc4 Kd7 26. Rf1 Ne6 (26... Bc7 27. h4 $16)
27. h4 (27. Rf7+ Re7 28. Rxe7+ Kxe7 29. Na5 b6 30. Nc6+ Kf6 31. Nxa7 g5 32. h4
gxh4 33. gxh4 Kg6 34. Bd2 Kh5 35. Be1 $16) 27... Bc7 28. h5 Ke7 (28... gxh5 29.
Rf5 $16 {[%csl Re5,Rh5,Rh7]}) 29. Kg2 b6 30. hxg6 hxg6 31. Bd2 a6 32. b4 Rb8 (
32... Rh8 33. Rb1 $16 (33. bxc5 $5 Nxc5 34. Bg5+ Kd7 35. Rf7+ Kc8 36. Re7)) 33.
Rh1 $2 (33. bxc5 Nxc5 (33... bxc5 34. Rh1 $16) 34. Bg5+ Kd7 35. Rf7+ Kc8 36.
Re7 (36. Bf6) 36... Nxa4 37. Nxe5 Bxe5 38. Rxe5 Kb7 39. Re7+ Ka8 40. Bf6 $16) (
33. Rb1 $142 $14) 33... b5 34. Rh7+ Kf6 (34... Kd8 35. axb5 Rxb5 36. bxc5) 35.
axb5 axb5 36. Nb2 {[#]} Ra8 (36... Bd6 $5 37. bxc5 Nxc5 38. Nd1 (38. Ra7 Rc8)
38... Ra8) (36... Bd6 $10) 37. Nd1 {[%cal Yd1f2,Yf2g4]} Ra2 $2 (37... Bd6 38.
Nf2 Nf8 39. Rb7 cxb4 40. Rxb5 Rc8 41. Rb6 Ke7 42. Bxb4 Bxb4 43. Rxb4 Rxc2 $10)
(37... cxb4 $5) (37... c4 38. Nf2 g5 39. Ng4+ Kg6 40. Re7 Ra6 41. dxc4 $1 bxc4
42. b5 $18) 38. Nf2 {[%cal Rf2g4]} g5 $8 39. Ng4+ Kg6 40. Re7 Rxc2 $6 (40...
Ra6 41. bxc5 $18 (41. bxc5 Rc6 42. Ba5 $1 $18)) 41. Rxe6+ Kg7 (41... Kh5 42.
Kh3 $18 {[%cal Re6h6]}) (41... Kf7 42. Rf6+ Ke7 43. Rf2) 42. Re7+ Kf8 43. Rxc7
Rxd2+ 44. Kh3 (44. Kh3 Rxd3 (44... cxb4 45. Nxe5) 45. Rxc5) 1-0

[Event "United Insurance 6th"]
[Site "Dhaka"]
[Date "2003.03.17"]
[Round "10"]
[White "Dzhumaev, Marat"]
[Black "Rahman, Ziaur"]
[Result "1-0"]
[WhiteElo "2507"]
[BlackElo "2542"]
[Annotator "Horn,Pe"]
[PlyCount "75"]
[EventDate "2003.03.08"]
[EventType "tourn"]
[EventRounds "13"]
[EventCountry "BAN"]
[EventCategory "9"]
[SourceTitle "CBM 095"]
[Source "ChessBase"]
[SourceDate "2003.07.25"]
[SourceVersion "1"]
[SourceVersionDate "2003.07.25"]
[SourceQuality "1"]

1. e4 c5 2. Nf3 e6 3. d3 d5 4. Nbd2 Nc6 5. g3 Bd6 6. Bg2 Nge7 7. O-O O-O 8. Qe2
({Die Hauptfortsetzungen sind} 8. Nh4) ({und} 8. Re1) 8... Bc7 ({Früher
spielte man einige Male} 8... Qc7 9. Re1 f6 10. c3 d4 {. Diese Stellung kann
auch nach 8.Re1 entstehen.}) 9. c3 b6 10. d4 $6 $146 (10. Ne1 Ba6 11. f4 dxe4
12. Qxe4 Qd7 $132 {Karnik,P-Haba,P/Pardubice 2002}) 10... cxd4 11. Nxd4 Nxd4
12. cxd4 a5 $1 13. Rd1 Ba6 14. Qh5 Bd3 (14... Rc8) 15. a4 {[%cal Ya1a3]} Rc8 (
15... Bc2 16. Re1 Bd6 17. exd5 (17. e5 Bb4 $17) 17... Bg6 $132) 16. Ra3 Bc2 17.
Re1 Bd6 (17... dxe4 $2 18. Rc3 Bxa4 19. Bxe4 $44 {Für den P hat Weiß
Angriffschancen.}) 18. Rae3 $2 (18. Rc3 $142 $15) 18... Bb4 (18... Bxa4 19. g4
(19. Nf3) 19... Bb4 20. Rh3 h6 21. Nf3 Bxe1 22. Bxh6) 19. g4 {[%cal Ye3h3] ein
verzweifelter Versuch} (19. exd5 Bg6 20. Qe2 Nxd5 21. Re5 Nf6 $19) 19... Ng6
20. Rh3 h6 21. Nf3 Bxe4 $2 ({einfach} 21... Bxe1 {scheint zu gewinnen:} 22.
Bxh6 (22. Nxe1 Bxe4 23. Bxh6 gxh6 $19) 22... gxh6 23. Qxh6 Re8 24. Ne5 Bxf2+ $1
25. Kxf2 (25. Kh1 Nh4 $19) (25. Kf1 Bh4 26. Nxg6 Qf6+ $19) 25... Qf6+ $19) 22.
Bxh6 gxh6 23. Qxh6 Re8 24. Ne5 $1 {Nun hat sich die Lage gedreht.} Qf6 25. Qh7+
Kf8 26. Nd7+ Ke7 27. Nxf6 Bxg2 (27... Rh8 28. Qg7 Rxh3 29. Bxe4 dxe4 30. Rxe4
$18) 28. Kxg2 Bxe1 29. Nxe8 Nf4+ 30. Kf3 Nxh3 31. Qxh3 Kxe8 32. Qh8+ Kd7 33.
Qg7 Ke7 34. Ke2 Bb4 35. Kd3 Bd6 36. h4 {Gegen den Vormarsch ist kein Kraut
gewachsen.} Ke8 37. h5 Bf8 38. Qg8 1-0

[Event "Bermuda-A"]
[Site "Bermuda"]
[Date "2003.02.02"]
[Round "8"]
[White "Markowski, Tomasz"]
[Black "Movsesian, Sergei"]
[Result "1-0"]
[WhiteElo "2574"]
[BlackElo "2663"]
[Annotator "Horn,Pe"]
[PlyCount "113"]
[EventDate "2003.01.25"]
[EventType "tourn"]
[EventRounds "11"]
[EventCountry "BER"]
[EventCategory "15"]
[SourceTitle "CBM 094"]
[Source "ChessBase"]
[SourceDate "2003.05.26"]
[SourceVersion "1"]
[SourceVersionDate "2003.05.26"]
[SourceQuality "1"]

1. g3 d5 2. Nf3 g6 3. c4 d4 4. Bg2 Bg7 5. O-O c5 6. d3 Nc6 7. Na3 Nf6 8. Nc2
O-O 9. a3 a5 10. b3 e5 (10... Re8 11. Rb1 e5 12. b4 axb4 13. axb4 e4 14. Ng5
Bf5 15. bxc5 $14 {Markowski,T-Zezulkin,J/Zakopane 2000}) 11. Rb1 e4 12. Ng5 (
12. Nfe1 exd3 (12... Re8 $5 {Konikowski}) 13. Nxd3 Qe7 14. Bg5 h6 15. Bxf6 Bxf6
16. Nf4 Bg7 17. Nd5 Qd8 18. Ne1 Bf5 19. Nd3 Qd6 20. b4 $13 {Markowski,T-Urban,
K/Plock 2000}) 12... exd3 13. exd3 Bg4 14. Qd2 $146 (14. f3 Bd7 15. f4 Rb8 16.
Ne4 Nxe4 17. Bxe4 b5 18. cxb5 Rxb5 19. a4 Rb8 20. f5 Re8 21. Na3 Ne5 $132 {
Markowski,T-Van Wely,L/Moscow 2002}) 14... h6 15. h3 Bf5 16. Nf3 Qc8 (16... Re8
17. Nh4 Be6 18. f4 Qc7) 17. Kh2 Nd7 18. Nh4 Be6 19. f4 Ne7 20. g4 Qc7 21. Kg1
f5 22. Qe2 (22. Re1 Ra6 23. gxf5 gxf5 24. Bf3) 22... Ra6 23. Bd2 Bf6 24. g5
hxg5 25. fxg5 Be5 26. Nf3 Bg7 27. b4 axb4 28. axb4 Bf7 (28... Qd6 $5 29. bxc5
Nxc5 30. Bb4 b6 31. Na3 $14 {[%cal Ya3b5]}) 29. bxc5 (29. Qxe7 $2 Re8 $17)
29... Nc6 30. Rb5 (30. Nb4 Nxb4 31. Bxb4) 30... Re8 31. Qf2 Ra2 32. Nfe1 $16
Nde5 33. Qg3 (33. Qf4) 33... Re7 34. Bf4 Qc8 35. Rb1 Ra5 36. Na1 (36. Bc1)
36... Nd7 (36... Rxc5 $4 37. Nb3 $18) 37. Nb3 Ra2 38. Rf2 Qa8 (38... Ree2 39.
Rxe2 Rxe2 40. Bd5 $16) 39. Nc2 Qa4 40. Qf3 (40. Bxc6 bxc6 41. Ncxd4) 40... Nde5
41. Qd1 Nxd3 42. Qxd3 Bxc4 43. Qg3 $1 (43. Qf3 d3) 43... d3 44. Ne3 Bxb3 45.
Rxb3 Qxb3 46. Bd5+ Qxd5 47. Nxd5 Re1+ 48. Kg2 Ree2 49. Rxe2 dxe2 50. Kf2 e1=B+
51. Kxe1 Ra1+ 52. Kd2 Ra2+ 53. Kd1 Nd4 54. Nf6+ Bxf6 55. gxf6 Ra1+ 56. Kd2 Ra2+
57. Kd3 1-0

[Event "POL-ch 60th"]
[Site "Warsaw"]
[Date "2003.05.04"]
[Round "13"]
[White "Markowski, Tomasz"]
[Black "Kempinski, Robert"]
[Result "1-0"]
[WhiteElo "2587"]
[BlackElo "2553"]
[Annotator "Horn,Pe"]
[PlyCount "113"]
[EventDate "2003.04.22"]
[EventType "tourn"]
[EventRounds "13"]
[EventCountry "POL"]
[EventCategory "12"]
[SourceTitle "CBM 095"]
[Source "ChessBase"]
[SourceDate "2003.07.25"]
[SourceVersion "1"]
[SourceVersionDate "2003.07.25"]
[SourceQuality "1"]

1. g3 d5 2. Nf3 c5 3. Bg2 Nf6 4. O-O b5 5. d3 e6 6. e4 dxe4 (6... Bb7 $6 7. e5
$14 {ergibt eine ungünstige Variante des Königsindischen Angriffs.}) (6... Be7
{gefällt mir besser.}) 7. Ng5 Bb7 8. Nc3 (8. a4 a6 9. Nc3 Qb6 10. Ncxe4 Nxe4
11. Nxe4 Nc6 12. Be3 Rd8 13. axb5 axb5 14. Qe1 $14 {Kalme,C-Sheppard,D/
Philadelphia 1995}) 8... Be7 9. Ngxe4 Nxe4 10. Nxe4 {[%cal Re4f6] Die
unmittelbare Drohung ist leicht zu parieren. Langfristiges Ziel des Weißen
sind die Bauern am Damenflügel.} Nc6 (10... Qb6 {scheint mir leichter zu
spielen.} 11. a4 a6) 11. a4 {[%csl Rb5,Rc5] Der thematische Vorstoß.} bxa4 {
Danach hat Weiß die bessere Bauernstruktur: seine Bauern sind zusammenhängend,
wogegen die schwarzen Pa7 und Pc5 vereinzelt sind.} ({Bei} 11... b4 {[%csl Gc4]
entsteht eine Felderschwäche auf c4.}) (11... a6 12. Be3 $36 {nimmt den Pc5
aufs Korn.}) 12. Rxa4 O-O 13. Be3 $14 Qb6 14. b3 {Weiß hat die ideale
Bauernstruktur am Damenflügel eingenommen. Schwarz wird bei aufmerksamen
weißen Spiel kaum dazu kommen, einen seiner Schwächlinge aufzulösen.} Nb4 15.
Nd2 $1 {[%csl Gc4] Verhindert die Vertreibung des Ra4 mit Bc6 nebst a7-a5-a4.
Außerdem nähert der Nd2 sich seinem Idealfeld auf c4.} Bxg2 16. Kxg2 Qc6+ 17.
Kg1 e5 18. Nc4 Qd5 19. Bd2 Nc6 20. Bc3 Rad8 21. Qe2 Rfe8 22. Qe4 {Damit
neutralisiert Weiß das schwarze Gegenspiel auf der langen Diagonalen a8-h1.}
Qd7 $6 {Verständlicherweise hat Schwarz die Quälerei satt und er bietet einen
Bauern zur Entlastung an.} (22... Qxe4 23. dxe4 $16) 23. Ra6 ({Auch das
direkte Nehmen kam in Betracht:} 23. Nxe5 Nxe5 24. Bxe5 Bd6 25. f4 $16) 23...
Rc8 (23... Nd4 {scheint mir eher geeignet, Verwirrung zu stiften:} 24. Nxe5 Qc8
25. Rxa7 f5) 24. Nxe5 Nxe5 25. Bxe5 Bf6 26. f4 Bxe5 27. fxe5 Re7 28. Rd6 Qc7
29. Qd5 h6 $2 (29... Rce8 {fixierte wenigstens die einzige weiße Schwäche.})
30. e6 fxe6 31. Rxe6 Kh8 32. Qe4 Rxe6 33. Qxe6 Rg8 34. Rf7 Qa5 35. Qe5 a6 36.
Kg2 Qb4 37. Rf4 Qd2+ 38. Rf2 Qb4 39. Qe3 Qc3 40. Qe4 a5 41. g4 {Weiß hat alle
Zeit der Welt und verbessert erst die Königsstellung.} Rd8 42. h3 Qb2 43. Qe7
Qd4 44. Re2 Rc8 45. Qe5 {Da Weiß sich sicher ist, das Turmendspiel zu gewinnen
(neben dem Mehrbauern fallen die schwachen schwarzen Bauern ins Gewicht), kann
er mit Abtauschdrohungen die Position seiner Schwerfiguren schrittweise
verbessern.} Qd7 46. Re4 Qc6 47. Qe6 Qc7 48. Qe7 Qc6 49. Kg3 Qb6 50. Qe6 Qc7+
51. Qe5 Qb6 52. Qf5 Qb8+ 53. Qf4 Qb6 54. Kh2 Rd8 55. Re7 Rc8 56. Qe5 Rg8 ({Mit
} 56... Qb8 {konnte Schwarz in ein verlorenes Turmendspiel überleiten.}) 57.
Re6 {Nun ist es sofort vorbei.} 1-0

[Event "Lazne Bohdanec"]
[Site "Lazne Bohdanec"]
[Date "1996.??.??"]
[Round "1"]
[White "Kaminski, Marcin"]
[Black "Kogan, Artur"]
[Result "1-0"]
[WhiteElo "2525"]
[BlackElo "2485"]
[Annotator "Horn,Pe"]
[PlyCount "51"]
[EventDate "1996.01.??"]
[EventType "tourn"]
[EventRounds "11"]
[EventCountry "CZE"]
[EventCategory "10"]
[SourceTitle "CBM 051"]
[Source "ChessBase"]
[SourceDate "1996.04.01"]
[SourceVersion "1"]
[SourceVersionDate "1996.04.01"]
[SourceQuality "1"]

1. e4 c5 2. Nf3 Nc6 3. d3 g6 4. g3 Bg7 5. Bg2 e6 6. O-O Nge7 7. c3 b6 8. Na3 d5
9. Qe2 Ba6 10. e5 Qc7 11. Re1 h6 12. h4 O-O-O 13. Rb1 g5 14. hxg5 Ng6 15. gxh6
Bxe5 16. Nxe5 Ncxe5 17. c4 dxc4 $146 {Sehr überzeugend finde ich diese
Neuerung nicht.} (17... Nc6 {[%cal Yc6d4]} 18. Nc2 dxc4 19. dxc4 Bb7 {/\ Nce5}
20. Bg5 Rdg8 21. Qh5 Nce5 22. Qh1 $1 Ng4 23. Ne3 Nxh6 24. Bxh6 Bxg2 25. Nxg2
Qc6 26. g4 $2 (26. Qh3 $1 Rh7 (26... Ne7 27. Re5 $18) 27. g4 Ne7 28. f4 Nf5 (
28... Rgh8 29. g5 Nf5 30. Qa3 Nxh6 31. gxh6 Rxh6 32. Rbd1) 29. g5 Nxh6 (29...
Rxh6 30. gxh6 $18) (29... Rhh8 30. Re2 $18) 30. Kf2 $5 (30. gxh6 $2 Rxh6 $1)
30... Rhh8 31. gxh6 Rxh6 32. Qf3 $18) 26... Nf4 $1 $132 {Ehlvest,J-Yusupov,A/
Novgorod/1995}) 18. dxc4 Bb7 19. Bg5 (19. Nb5 $5) 19... Rd3 (19... Bxg2 20.
Kxg2 (20. Bxd8 $2 Qc6 $19) 20... Rd3 (20... f5 $2 21. Bxd8 Qc6+ 22. f3 $18) 21.
Nb5 Qb7+ 22. Qe4 a6 23. Qxb7+ Kxb7 24. Na3 Nf3 25. Re3 $16) 20. Nb5 (20. Bf6 $5
Bxg2 21. Bxh8 Nf3+ (21... Qb7 22. Bxe5) 22. Kxg2 Qb7 23. Qe4 Nxe1+ 24. Rxe1
Nxh8 25. Qxb7+ Kxb7 26. Nb1 $16) 20... Qb8 (20... Qd7 21. Bxb7+ Kxb7 (21...
Qxb7 22. Qxd3 Nxd3 23. Nd6+ Kb8 24. Nxb7 Nxe1 25. Rxe1 Kxb7 26. f4 $18) 22.
Red1 Rxd1+ 23. Rxd1 Qc6 24. Rd6 $1 Qf3 25. Qd2 $16) 21. Bxb7+ (21. Bf6 Nf3+ 22.
Bxf3 Rxf3 23. Nxa7+ $1 Qxa7 24. Bxh8 Nxh8 25. Qe5 $18) 21... Kxb7 (21... Qxb7
22. Qxd3 Nxd3 23. Nd6+ Kb8 24. Nxb7 Nxe1 25. Rxe1 Kxb7 26. f4 $18) 22. Red1
Nf3+ 23. Kg2 Ngh4+ 24. Bxh4 Nxh4+ 25. Kf1 Rxg3 26. Nd6+ 1-0

[Event "New York op"]
[Site "New York"]
[Date "1998.03.16"]
[Round "2"]
[White "Yermolinsky, Alex"]
[Black "Luther, Thomas"]
[Result "1-0"]
[WhiteElo "2660"]
[BlackElo "2510"]
[Annotator "Horn,Pe"]
[PlyCount "77"]
[EventDate "1998.03.16"]
[EventType "swiss"]
[EventRounds "9"]
[EventCountry "USA"]
[SourceTitle "CBM 064"]
[Source "ChessBase"]
[SourceDate "1998.06.02"]
[SourceVersion "1"]
[SourceVersionDate "1998.06.02"]
[SourceQuality "1"]

1. e4 e6 2. d3 d5 3. Nd2 c5 4. Ngf3 Nc6 5. g3 Bd6 6. Bg2 Nge7 7. O-O O-O 8. c3
{eher ein Nebenweg} (8. Re1 Bc7 9. c3 d4 {mit dieser Variante hat T.Luther
viele Erfahrungen gesammelt.}) (8. Nh4) 8... Rb8 {beide Spieler sind in dieser
Partie nicht an ausgefahrenen Gleisen interessiert. Grundsätzlich paßt der Zug
in den schwarzen Aufbau: der Ra8 entzieht sich der Fernwirkung des Bg2, und
ein gelegentliches b7-b5 unterstützt der Zug auch.} (8... b6 9. Re1 (9. Qa4 $6
Bb7 10. a3 a5 11. Re1 b5 12. Qc2 a4 13. Nf1 Qc7 14. h4 d4 $1 $15 {
Ozsvath-Gufeld/HU/1970}) 9... Bc7) (8... Bc7 9. Re1 d4 (9... Rb8 10. Qc2 b5 11.
a3 a5 12. d4 cxd4 13. cxd4 Bb6 14. exd5 exd5 15. Nb3 Bg4 16. Be3 Rc8 17. Qd3 a4
18. Nbd2 Na7 {Votava,J-Luther,T/Schoeneck/1996}) 10. Nb3 b6 11. cxd4 cxd4 12.
e5 Rb8 13. Bg5 Bb7 $14 {Nun,J-Luther,T/Namestovo/1987}) 9. Qe2 $146 (9. Re1)
9... Bc7 10. a3 {[%cal Yb2b4]} a5 (10... b5 11. b4) 11. Rd1 (11. a4 b6 {
[%cal Yc8a6,Yb6b5]}) 11... a4 {Schwarz steckt sich einen Claim auf dem
Q-flügel ab.} 12. d4 cxd4 13. cxd4 Na5 (13... b5) (13... b6 {Hier zeigt sich
ein Nachteil von Rb8: das wünschenswerte Ba6 ist schwieriger zu realisieren.})
14. Ne5 (14. e5 $6) 14... Nec6 15. Ndf3 Nb3 16. Nxc6 bxc6 17. Rb1 Rb6 {[%cal
Yc8a6]} 18. Qc2 Ba6 19. Be3 {Schwarz hat auf dem Q-flügel schon einiges
erreicht: der Nb3 und der Ba6 haben glänzende Positionen; bezahlt hat Schwarz
mit ein wenig Problemen in der c-Linie (Pc6). Da sein K-flügel von
Leichtfiguren entblößt ist, muß er auch sorgfältig die weißen Aktionen dort
verfolgen: bislang haben nur Qc2 und Nf3 gefährliche Positionen inne. Der
Textzug sichert erst einmal das weiße Übergewicht in der c-Linie.} Bb5 (19...
dxe4 20. Qxe4 Bc4 21. Ng5 f5 22. Qh4 h6 23. d5 $1 exd5 24. Qxc4 (24. Bxb6 $2
Bxb6 25. Nf3 (25. Ne6 Bxf2+ 26. Kxf2 Qb6+ $40) 25... Bxf2+ 26. Kxf2 Qb6+ $19)
24... dxc4 25. Rxd8 Bxd8 26. Ne6 $44) 20. h4 Rb7 $6 {Damit ermöglicht Schwarz
eine interessante Abwicklung; nötig hatte er das nicht.} (20... h6) (20... Ra6)
21. Ng5 h6 22. exd5 hxg5 23. dxc6 Rb8 24. hxg5 {Weiß hat 3 P für die Figur;
außerdem hat er aktives Spiel im Zentrum (Pd4-d5) und am K-flügel (wegziehen
von Bg2,Kg1 und dann Rh1).} (24. Bxg5 $5 {[%cal Yd4d5]}) 24... Qe7 (24... Qe8)
25. Qe4 Be2 26. Re1 Bh5 (26... Bc4) 27. Qh4 Bg6 28. Rbd1 Na5 $2 {Der
Verlustzug.} (28... Bc2 29. Be4 (29. Bf3 Bxd1 30. Rxd1 {[%cal Yg1g2,Yd1h1]} (
30. Be4 g6) 30... g6 31. Kg2 (31. Qh6 Rfd8 32. Kg2 Qf8 $19) 31... f5 32. d5
Rfd8 33. Qxa4 (33. Rh1 Qg7 (33... Be5 34. Bf4 $18) 34. dxe6 Nd4 35. e7 Rd6 36.
Bd1 Re8 37. Bf4 Rxc6 38. Bxa4 Rxe7 39. Bxc6 Nxc6 40. Bxc7 Rxc7 41. Qc4+ $11))
29... Bxe4 30. Qxe4 f5 31. Qf3 (31. Qh4 Qf7 $132 {[%cal Yf7g6,Yf8d8]}) 31...
Qf7 $11) 29. d5 $1 Rxb2 (29... Rfd8 30. Bd4 Nb3 31. Bc3 Bc2 32. Bf3 Rd6 (32...
Bxd1 33. Be4 $18) 33. Kg2 $18 {[%cal Re1h1]}) 30. Qd4 Rc2 (30... Ra2 31. d6
Bxd6 32. Qxd6 Qxd6 33. Rxd6 Rxa3 34. c7 $18) 31. d6 Bxd6 32. Qxd6 Qxd6 33. Rxd6
Nc4 34. Rd7 Nxa3 35. Rc1 (35. Ra1) 35... Nb5 (35... Rxc1+ 36. Bxc1 $18 {
[%cal Rc6c7]}) 36. Rxc2 Bxc2 37. Bf1 Nc3 38. c7 Nd5 39. Bc5 1-0

[Event "Jurmala"]
[Site "Jurmala"]
[Date "1991.??.??"]
[Round "?"]
[White "Shchekachev, Andrei"]
[Black "Onischuk, Alexander"]
[Result "1-0"]
[WhiteElo "2355"]
[BlackElo "2340"]
[Annotator "Horn,Pe"]
[PlyCount "57"]
[EventDate "1991.??.??"]
[EventType "tourn"]
[EventRounds "11"]
[EventCountry "URS"]
[EventCategory "4"]
[SourceTitle "CBM 024"]
[Source "ChessBase"]
[SourceDate "1991.10.01"]
[SourceVersion "1"]
[SourceVersionDate "1991.10.01"]
[SourceQuality "1"]

1. Nf3 Nf6 2. g3 d5 3. Bg2 c5 4. O-O Nc6 5. d3 Bf5 {N} 6. Nbd2 e6 7. Nh4 Bg4 8.
h3 Bh5 9. g4 Nd7 10. Ndf3 Be7 11. gxh5 Bxh4 12. c4 Bf6 (12... dxc4 13. dxc4 Bf6
$13) 13. cxd5 exd5 14. Qb3 Nb6 15. a4 c4 (15... a5 16. Qb5 Be7 17. Ne5 Qc7 18.
Bxd5 Qxe5 19. Bxc6+ bxc6 20. Qxc6+ Kf8 21. Qxb6 Qxh5 22. Qb7 $16) 16. dxc4 dxc4
17. Qb5 a6 $6 (17... O-O 18. a5 Qd5 19. Qxd5 Nxd5) 18. Qf5 O-O 19. Ng5 g6 20.
hxg6 hxg6 21. Qg4 Re8 $2 (21... Kg7 22. a5 (22. Qh4 Rh8) (22. Ne4 Be7) 22...
Nc8) 22. Qh4 {/\ Qh7xf7#} Bg7 (22... Bxg5 23. Bxg5 {/\ Bf6+-}) 23. Be3 Re5 $2 (
23... Qc7 24. Bxb6 Qxb6 25. Bd5 Re7 26. Bxc4 Qxb2 $16) 24. Rad1 Qe7 (24... Qc7
25. Bf4) 25. Bf4 $18 Nxa4 (25... Rf5 26. Be4) 26. Bxe5 Nxe5 27. f4 Nc6 28. Bd5
Nd4 29. Bxf7+ 1-0